Statistics for The Greatest Knights of the Round Table

Click here to take the quiz!

General Stats

  • This quiz has been taken 33 times
  • The average score is 4 of 9

Answer Stats

Answer% Correct
2Lancelot
100%
1Galahad
72%
9Gawain
59%
7Percival
59%
6Bors de Ganis
24%
3Tristan
24%
5Hector de Maris
14%
4Lamorak
7%
8Marhalt
3%

Score Distribution

Percentile by Number Answered

Percent of People with Each Score

Your Score History

You have not taken this quiz